Technologické faktory CNC frézovania voľných tvarových plôch : Habilitačná práca
Enregistré dans:
| Auteur principal: | |
|---|---|
| Format: | Livre |
| Langue: | slovaque |
| Publié: |
Trnava :
STU v Bratislave MTF UVTE KOM,
2009
|
| Sujets: | |
| Tags: |
Pas de tags, Soyez le premier à ajouter un tag!
|
MARC
| LEADER | 00000nam a22000003a 4500 | ||
|---|---|---|---|
| 001 | stu197713 | ||
| 005 | 20220321182732.3 | ||
| 008 | 100112s2009----xo------------------slo-d | ||
| 040 | |a STU |b slo | ||
| 041 | 0 | |a slo | |
| 044 | |a xo | ||
| 100 | 1 | |a Pokorný, Peter, |d 1976- |4 aut |u M3000 |9 100 |U MTF Materiálovotechnologická fakulta |T MTF Ústav výrobných technológií |X 2771 |U M3000 |Y 83 |7 A000002771 | |
| 245 | 1 | |a Technologické faktory CNC frézovania voľných tvarových plôch : |b Habilitačná práca | |
| 260 | |a Trnava : |b STU v Bratislave MTF UVTE KOM, |c 2009 | ||
| 300 | |a 94 s | ||
| 650 | 7 | |a CNC frézovanie |2 stusub | |
| 650 | 7 | |a voľné tvarové plochy |2 stusub | |
| 996 | |b 284M071827 |c M*HP-50 |l MMSKP |s P |a 0 |w stu197713_0001 | ||